MARC details
| 000 -CABECERA |
| campo de control de longitud fija |
01904nam a2200301 4500 |
| 003 - IDENTIFICADOR DEL NÚMERO DE CONTROL |
| campo de control |
EC-UNACH |
| 005 - FECHA Y HORA DE LA ÚLTIMA TRANSACCIÓN |
| campo de control |
20251029124811.0 |
| 006 - CÓDIGOS DE INFORMACIÓN DE LONGITUD FIJA--CARACTERÍSTICAS DEL MATERIAL ADICIONAL |
| campo de control de longitud fija |
s||||gr|||| 00| 00 |
| 008 - DATOS DE LONGITUD FIJA--INFORMACIÓN GENERAL |
| campo de control de longitud fija |
150116t9999 mx r gr 000 0 spa d |
| 020 ## - NÚMERO INTERNACIONAL ESTÁNDAR DEL LIBRO |
| Número Internacional Estándar del Libro |
978-9978-67-418-5 |
| 040 ## - FUENTE DE LA CATALOGACIÓN |
| Centro catalogador/agencia de origen |
EC-UNACH |
| Centro/agencia transcriptor |
EC-UNACH |
| 041 ## - CÓDIGO DE LENGUA |
| Código de lengua del texto/banda sonora o título independiente |
spa |
| 082 04 - NÚMERO DE LA CLASIFICACIÓN DECIMAL DEWEY |
| Número de edición |
23 |
| Número de clasificación |
302.2 |
| Número de documento/Ítem |
L017931 |
| 110 ## - ENTRADA PRINCIPAL--NOMBRE DE ENTIDAD CORPORATIVA |
| Nombre de entidad corporativa o nombre de jurisdicción como elemento de entrada |
Flacso |
| 245 ## - MENCIÓN DE TÍTULO |
| Título |
Reflexiones sobre los limites de desarrollo |
| 250 ## - MENCIÓN DE EDICIÓN |
| Mención de edición |
Primera edición |
| 264 ## - Producción, publicación, distribución, fabricación y copyright |
| Lugar de producción, publicación, distribución, fabricación |
Ecuador |
| Nombre del de productor, editor, distribuidor, fabricante |
Flacso |
| Fecha de de producción, publicación, distribución, fabricación o copyright |
2014 |
| 300 ## - DESCRIPCIÓN FÍSICA |
| Extensión |
177 |
| 505 ## - NOTA DE CONTENIDO CON FORMATO |
| Nota de contenido con formato |
Introducción : ambiente y desarrollo : contribuciones desde el territoria / Pabel Muñoz L<br/>Reflexiones sobre los límites del desarrollo en el marco del Sexto Congreso Iberoamericano sobre Desarrollo y Ambiente, FLACSO-Sede Ecuador / María Cristina Vallejo<br/>Consenso de los commodities y lenguajes de valoración en América Latina / Maristella Svampa<br/>O que as recentes manifestações populares no Brasil nos dizem sobre políticas sociais, meio ambiente e bem-estar / Paulo Gonzaga Mibielli de Carvalho, Frederico Cavadas Barcellos, Antonio Elder de Oliveira Tavares<br/>Decisiones deliberativas bajo un enfoque multicriterial para Latinoamérica / Bernardo Aguilar González<br/>"Buen vivir" : biopolítica o alternativa? / David Cortez<br/>Racionalidades campesinas y procesos de desarrollo sostenible : posibilidades de una nueva relación sociedad-naturaleza / Olga Lucía Cadena Durán<br/>Economía ecológica y ecología política en el ámbito de la educación ambiental / David Pérez Neira, Xavier Simón Fernández, Marta Soler Montiel, Sandra Ferrante |
| 650 ## - PUNTO DE ACCESO ADICIONAL DE MATERIA--TÉRMINO DE MATERIA |
| Término de materia o nombre geográfico como elemento inicial |
Ambiente y desarrollo |
| 650 ## - PUNTO DE ACCESO ADICIONAL DE MATERIA--TÉRMINO DE MATERIA |
| Término de materia o nombre geográfico como elemento inicial |
Reflexiones sobre los limites |
| 650 ## - PUNTO DE ACCESO ADICIONAL DE MATERIA--TÉRMINO DE MATERIA |
| Término de materia o nombre geográfico como elemento inicial |
Consenso de los commodities y lenguajes |
| 700 ## - PUNTO DE ACCESO ADICIONAL--NOMBRE DE PERSONA |
| Nombre de persona |
María Cristina Vallejo y Mateo Aguado Caso |
| 942 ## - ELEMENTOS DE PUNTO DE ACCESO ADICIONAL (KOHA) |
| Fuente del sistema de clasificación o colocación |
Clasificación Decimal Dewey |
| Tipo de ítem Koha |
Libros |
| 999 ## - NÚMEROS DE CONTROL DE SISTEMA (KOHA) |
| Koha biblionumber |
14112 |